000 00787nam a22002417a 4500
005 20170124105944.0
010 _aA-681432
020 _c250.00
_a8185133808
035 _aA-681432
037 _bCen Lib/Ret
040 _aDPL
_bEN
082 _a250
_bCOP
100 _aCopleston, Reginald S.
_911842
245 _aTheravada buddhism /
_cby Reginald S. Copleston; edited by Harcharan Singh Sobti
260 _bEastern Book Linkers
_a Delhi
_c1993
270 _a 5825, New Chandrawal, Jawahar Nagar
_bDelhi
_e110007
300 _axxiv,206p.
_c22m(Hb)
500 _aIncludes bibliographical references and index.
650 _aTheravāda Buddhism
_911843
650 _aBuddhism
_91068
700 _aSobti, Harcharan Singh
_974499
942 _2ddc
_cEN
_h250
_mCOP
999 _c124758
_d124758